000 00287 a2200097 4500
000 nam a22 7a 4500
020 _a9781905783786
100 _aHammerson, Marc
245 _aOil and gas decommissioning : law, policy and comparative practice
260 _bGlobal Business Publishing,
_c2013
999 _c85584
_d85584